Matching theory

Saved in:
書目詳細資料
Main Authors: Lovász, Laszlo (autor), Plummer, M. D (Author)
格式: 圖書
語言:英语
出版: Amsterdam North-Holland 1986
叢編:North--Holland Mathematics Studies, 121
主題:
標簽: 添加標簽
沒有標簽, 成為第一個標記此記錄!

MARC

LEADER 00000nam a2200000 a 4500
001 UCP3400
003 CL-VaPUC
008 990618e19860000NE |||||||||||||||||eng|d
082 0 4 |a 519.72  |b LOV  |2 21 
100 |a Lovász, Laszlo  |e autor  |9 430633 
700 0 |a Plummer, M. D  |e author  |9 430634 
245 1 0 |a Matching theory 
300 |a 544 p 
942 |c BK 
945 |d 19990618 00:00:00  |a crobeson 
260 |a Amsterdam  |b North-Holland  |c 1986 
650 0 |a Programación lineal   |9 23 
650 0 |a Algoritmos   |9 260639 
650 0 |a Geometría   |9 264063 
583 |a last modification  |c 19990618 00:00:00  |k Rodrigo Vera 
490 0 |a North--Holland Mathematics Studies, 121 
999 |c 281726  |d 281724 
952 |0 0  |1 0  |4 0  |6 519_720000000000000_LOV_1986  |7 0  |8 A  |9 322700  |a BIBMAT  |b BIBMAT  |d 2019-11-20  |i 1350749  |o 519.72 LOV 1986  |p 1350749  |r 2025-01-07  |w 2019-11-20  |y BK  |k MAT